| 000 | 00000nam##2200000za#4500 |
| 001 | 9.566310 |
| 003 | CaOODSP |
| 005 | 20210624180228 |
| 007 | cr ||||||||||| |
| 008 | 150406|2004||||xxc|||||o f|0| 0 eng|d |
| 040 | |aCaOODSP|beng |
| 043 | |an-cn--- |
| 086 | 1 |aTU3-5/04-9E-PDF |
| 110 | 2 |aTransportation Safety Board of Canada. |
| 245 | 10|aCollision with water - Lake LA–4–200 Buccaneer, C-GHJE, Fraser River near Ruskin, British Columbia, 29 February 2004 |h[electronic resource] |
| 260 | |aGatineau - Quebec : |bTransportation Safety Board of Canada |c[2005]. |
| 300 | |a6p. |
| 490 | 1 |aAviation investigation report |vA04P0041 |
| 590 | |a10-05-Supp|b2010-07-20 |
| 690 | 07|aAircraft accidents|2gcpds |
| 775 | 08|tCollision avec un plan d'eau de l'avion amphibie Lake LA–4–200 Buccaneer C-GHJE dans le fleuve Fraser, près de Ruskin (Colombie-Britannique), le 29 février 2004 |w(CaOODSP)9.597827 |
| 830 | #0|aAviation investigation report ;|vA04P0041|w(CaOODSP)9.504825 |
| 856 | 40|ahttp://publications.gc.ca|qPDF|s73 KB|uhttps://publications.gc.ca/collections/collection_2009/bst-tsb/TU3-5-04-9E.pdf|yA04P0041 |